[Event "Najdorf Mem Open A"]
[Site "Warsaw POL"]
[Date "2010.07.24"]
[Round "8"]
[White "Goslawski,M"]
[Black "Doluhanova,E"]
[Result "1/2-1/2"]
[WhiteElo "2018"]
[BlackElo "2312"]
[EventDate "2010.07.17"]

1. d4 d5 2. Nf3 e6 3. c4 Nf6 4. g3 dxc4 5. Bg2 a6 6. O-O Nc6 7. Bg5 Be7 8.
e3 Bd7 9. Nc3 h6 10. Bxf6 Bxf6 11. Ne4 O-O 12. Rc1 Be7 13. Rxc4 Na5 14. Rc1
Bb5 15. Re1 Bb4 16. Nfd2 e5 17. d5 f5 18. Nc5 Bxc5 19. Rxc5 b6 20. Rc3 e4
21. b4 Nb7 22. Qb3 Qd6 23. Rec1 Rf7 24. f3 a5 25. a3 axb4 26. axb4 exf3 27.
Bxf3 Kh8 28. Nc4 Bxc4 29. Rxc4 Qe5 30. Qc3 Qxc3 31. R4xc3 Nd6 32. Rxc7 Ra3
33. Rxf7 Nxf7 34. Bh5 Ne5 35. Rd1 g6 36. d6 gxh5 37. d7 Nxd7 38. Rxd7 Rxe3
39. Rd6 1/2-1/2

[Event "Najdorf Mem Open A"]
[Site "Warsaw POL"]
[Date "2010.07.24"]
[Round "8"]
[White "Stoma,P"]
[Black "Fuchs,Ju"]
[Result "1-0"]
[WhiteElo "2302"]
[BlackElo "2232"]
[EventDate "2010.07.17"]

1. e4 c6 2. c4 d5 3. exd5 cxd5 4. cxd5 Nf6 5. Qa4+ Nbd7 6. Nc3 g6 7. g4 Bg7
8. g5 Nh5 9. Nge2 h6 10. h4 Kf8 11. Bg2 Ne5 12. Be4 Bg4 13. d4 b5 14. Nxb5
Nf3+ 15. Kf1 Qc8 16. Kg2 Nxg5 17. hxg5 Bxe2 18. f3 Qb8 19. Rxh5 Bxb5 20.
Qb3 gxh5 21. d6 a6 22. Bf4 e5 23. dxe5 hxg5 24. Bxg5 Rg8 25. Be7+ Ke8 26.
Kh1 Qc8 27. e6 fxe6 28. Re1 Bc4 29. Qa4+ Bb5 30. Bg6+ Kd7 31. Qe4 Bc4 32.
Bf7 e5 33. Bxc4 Ra7 34. Bd5 Rf8 35. Qa4+ 1-0

[Event "Najdorf Mem Open A"]
[Site "Warsaw POL"]
[Date "2010.07.24"]
[Round "8"]
[White "Przezdziecka,M"]
[Black "Szewczak,And"]
[Result "1-0"]
[WhiteElo "2278"]
[BlackElo "1981"]
[EventDate "2010.07.17"]

1. d4 d6 2. c4 e5 3. Nf3 Nc6 4. Nc3 g6 5. dxe5 Nxe5 6. e4 c6 7. Be2 Bg7 8.
O-O Be6 9. Ng5 Qe7 10. Nxe6 Qxe6 11. f4 Nd7 12. Be3 Nc5 13. e5 b6 14. Bxc5
dxc5 15. Bg4 f5 16. exf6 Qxf6 17. Qd7+ Kf8 18. Rad1 Re8 19. Bf3 Ne7 20. Ne4
Qf5 21. Qxe8+ Kxe8 22. Nd6+ Kf8 23. Nxf5 Nxf5 24. Rd7 Bxb2 25. Bxc6 Bd4+
26. Kh1 Ne3 27. Rc1 h5 28. Rxa7 h4 29. h3 Rh5 30. Be4 Rh6 31. Rb7 g5 32.
fxg5 Re6 33. Bd5 Rg6 34. Rb1 Rxg5 35. R1xb6 Rf5 36. Rb1 Ke8 37. Ra7 Be5 38.
Ra8+ Ke7 39. Ra6 Bc7 40. Re6+ Kd7 41. Rxe3 1-0

[Event "Najdorf Mem Open A"]
[Site "Warsaw POL"]
[Date "2010.07.24"]
[Round "8"]
[White "Skawinski,A"]
[Black "Grochulski,G"]
[Result "1-0"]
[WhiteElo "2233"]
[BlackElo "2045"]
[EventDate "2010.07.17"]

1. e4 c5 2. c3 g6 3. d4 cxd4 4. cxd4 d5 5. Nc3 dxe4 6. Bc4 Nc6 7. Qb3 e6 8.
d5 Nd4 9. dxe6 Nxb3 10. exf7+ Kd7 11. fxg8=Q Rxg8 12. axb3 Bd6 13. Be3 Rf8
14. O-O-O Qh4 15. g3 Qg4 16. h3 Qf5 17. Rd5 a6 18. Rxf5 gxf5 19. Nge2 b5
20. Bd5 Rb8 21. Ba7 Bb7 22. Bxb8 Bxd5 23. Bxd6 Kxd6 24. Rd1 1-0

[Event "Najdorf Mem Open A"]
[Site "Warsaw POL"]
[Date "2010.07.24"]
[Round "8"]
[White "Wisniowska,K"]
[Black "Bugajski,R"]
[Result "0-1"]
[WhiteElo "1999"]
[BlackElo "2222"]
[EventDate "2010.07.17"]

1. e4 c5 2. Nf3 d6 3. d4 Nf6 4. Nc3 cxd4 5. Nxd4 a6 6. Be3 e5 7. Nb3 Be6 8.
Be2 Be7 9. Nd5 Nxd5 10. exd5 Bf5 11. O-O Nd7 12. c4 Rc8 13. Rc1 O-O 14. Qd2
Bg6 15. Na5 f5 16. f4 exf4 17. Bxf4 Nc5 18. b4 Ne4 19. Qe3 Qd7 20. Kh1 Bf6
21. c5 dxc5 22. bxc5 Bf7 23. Rfd1 g5 24. Bg3 Rce8 25. Be1 Nc3 26. Rxc3 Rxe3
27. Rxe3 Re8 28. c6 bxc6 29. dxc6 Qc8 30. Rxe8+ Qxe8 31. Bxa6 Bd8 32. Bb5
Bc7 33. Bc3 Qe3 34. Be1 Qe5 0-1

[Event "Najdorf Mem Open A"]
[Site "Warsaw POL"]
[Date "2010.07.24"]
[Round "8"]
[White "Spicak,K"]
[Black "Gamback,B"]
[Result "0-1"]
[WhiteElo "2026"]
[BlackElo "2192"]
[EventDate "2010.07.17"]

1. e4 c5 2. c4 Nc6 3. Nf3 e5 4. Nc3 d6 5. h3 f5 6. exf5 Bxf5 7. d3 Nf6 8.
g4 Bg6 9. Nh4 Bf7 10. Nf5 g6 11. Ng3 h6 12. g5 hxg5 13. Bxg5 Bh6 14. Bxh6
Rxh6 15. Bg2 Rh4 16. Qd2 Qe7 17. O-O-O O-O-O 18. Rhe1 Rdh8 19. f4 Nd7 20.
f5 Nd4 21. fxg6 Bxg6 22. Nd5 Qd8 23. Rf1 Rf8 24. Rxf8 Nxf8 25. Rf1 Nfe6 26.
b3 Kb8 27. Rf2 a6 28. Kb2 Ka7 29. a4 Nf4 30. Ne4 Nxg2 31. Rxg2 Bxe4 32.
dxe4 Rxh3 33. Rg7 Rxb3+ 34. Ka2 Qf8 35. Qg2 Qe8 36. Rxb7+ Rxb7 0-1

[Event "Najdorf Mem Open A"]
[Site "Warsaw POL"]
[Date "2010.07.24"]
[Round "8"]
[White "Rademakers,E"]
[Black "Jacek,K"]
[Result "1/2-1/2"]
[WhiteElo "2171"]
[BlackElo "2055"]
[EventDate "2010.07.17"]

1. d4 Nf6 2. Nf3 g6 3. c4 Bg7 4. Nc3 O-O 5. e4 d6 6. Be2 e5 7. O-O Nc6 8.
dxe5 dxe5 9. Bg5 Qxd1 10. Rfxd1 h6 11. Be3 Be6 12. Nd5 Rfc8 13. Nxf6+ Bxf6
14. Bxh6 Nd4 15. Nxd4 exd4 16. Bf4 c5 17. Bd6 a5 18. Bd3 Ra6 19. Bf4 a4 20.
Bd2 Bg7 21. Rab1 Rca8 22. f4 f5 23. exf5 Bxf5 24. Bxf5 gxf5 25. Re1 Kf7 26.
Kf2 Rh6 27. h3 Bf6 28. Kf3 Rg8 29. Rg1 b6 30. Be1 Rxh3+ 31. g3 Rh2 32. Bf2
d3 33. Rbd1 Rd8 34. b3 a3 35. Rh1 Rxh1 36. Rxh1 Bc3 37. Rd1 Kg6 38. Be3 Rd7
39. Bd2 Bd4 1/2-1/2

[Event "Najdorf Mem Open A"]
[Site "Warsaw POL"]
[Date "2010.07.24"]
[Round "8"]
[White "Nowicki,B"]
[Black "Borowicz,P"]
[Result "1-0"]
[WhiteElo "2067"]
[BlackElo "2001"]
[EventDate "2010.07.17"]

1. e4 c6 2. d4 d5 3. e5 Bf5 4. h4 h5 5. Bg5 Qb6 6. Bd3 Bxd3 7. Qxd3 Qxb2 8.
e6 f6 9. Bd2 Qxa1 10. Qb3 Qxd4 11. Qxb7 Qb6 12. Qxa8 Qxb1+ 13. Ke2 Qb5+ 14.
Kf3 d4 15. Bf4 Qd5+ 16. Kg3 Qxe6 17. Qxb8+ Kf7 18. Nf3 Qg4+ 19. Kh2 Nh6 20.
Re1 Nf5 21. Qb3+ Kg6 22. g3 Kh7 23. Ng5+ fxg5 24. f3 gxf4 25. fxg4 fxg3+
26. Kg2 hxg4 27. Qf7 Nh6 28. Qe6 g6 29. Qxc6 Bg7 30. h5 Rf8 31. Qxg6+ Kh8
32. Rf1 Rc8 33. Kxg3 Rc3+ 34. Kg2 Rc8 35. Kg1 Rb8 36. Re1 Rb6 37. Qe8+ Kh7
38. Qxe7 Nf5 39. Qe4 1-0

[Event "Najdorf Mem Open A"]
[Site "Warsaw POL"]
[Date "2010.07.24"]
[Round "8"]
[White "Bernotas,A"]
[Black "Suchocki,T"]
[Result "1/2-1/2"]
[WhiteElo "2059"]
[BlackElo "1978"]
[EventDate "2010.07.17"]

1. e4 e6 2. d4 d5 3. Nc3 Nf6 4. e5 Nfd7 5. f4 c5 6. Nf3 Nc6 7. Be3 a6 8.
Qd2 b5 9. dxc5 Bxc5 10. Bxc5 Nxc5 11. Qf2 Qb6 12. b4 Nxb4 13. Rb1 d4 14.
Nxd4 Qa5 15. Ndxb5 Ne4 16. Qf3 Nxc2+ 17. Kd1 axb5 18. Bxb5+ Ke7 19. Kxc2
Qxc3+ 20. Qxc3 Nxc3 21. Kxc3 Rxa2 22. Ra1 Rxa1 23. Rxa1 Rd8 24. Ra7+ Bd7
25. Kb4 Ke8 26. Rxd7 Rxd7 27. Kc5 Ke7 28. Bxd7 Kxd7 29. Kb6 h5 30. g3 g6
31. h3 Kd8 32. Kc6 Ke7 33. Kc7 Ke8 34. Kd6 Kd8 35. g4 hxg4 36. hxg4 Ke8
1/2-1/2

[Event "Najdorf Mem Open A"]
[Site "Warsaw POL"]
[Date "2010.07.24"]
[Round "8"]
[White "Lada,M"]
[Black "Zakoscielna,K"]
[Result "1/2-1/2"]
[WhiteElo "2159"]
[BlackElo "2040"]
[EventDate "2010.07.17"]

1. d4 Nf6 2. c4 g6 3. Nc3 Bg7 4. e4 d6 5. Nf3 O-O 6. Be2 e5 7. dxe5 dxe5 8.
Qxd8 Rxd8 9. Bg5 Nbd7 10. O-O-O Rf8 11. Nd2 c6 12. Be3 Ne8 13. c5 Nc7 14.
Bc4 b5 15. cxb6 axb6 16. Kb1 b5 17. Bb3 Na6 18. f3 Ndc5 19. Bc2 Be6 20. Nb3
Nxb3 21. Bxb3 Bxb3 22. axb3 Rfd8 23. Bb6 Rdb8 24. Be3 1/2-1/2

[Event "Najdorf Mem Open A"]
[Site "Warsaw POL"]
[Date "2010.07.24"]
[Round "8"]
[White "Winski,L"]
[Black "Solnicki,M"]
[Result "0-1"]
[WhiteElo "2115"]
[BlackElo "2084"]
[EventDate "2010.07.17"]

1. e4 c5 2. Nf3 Nc6 3. d4 cxd4 4. Nxd4 g6 5. c4 Nf6 6. Nc3 Nxd4 7. Qxd4 d6
8. Be3 Bg7 9. f3 O-O 10. Qd2 Be6 11. Be2 a5 12. O-O a4 13. Rfd1 Qa5 14.
Rac1 Rfc8 15. Nb5 Qxd2 16. Rxd2 Nd7 17. f4 a3 18. Nxa3 Bxb2 19. Rxb2 Rxa3
20. Bd4 Nc5 21. Bxc5 Rxc5 22. Rxb7 Rxa2 23. Bf1 Kf8 24. Rb5 Rd2 25. Rc3 Rc8
26. c5 Bd7 27. Ra5 Rd4 28. e5 dxc5 29. Rcxc5 Rxc5 30. Rxc5 Rxf4 31. Bc4 Bf5
32. Bd5 Rd4 33. Bf3 g5 34. h3 Bg6 35. Kf2 h5 36. Ke3 Rd3+ 37. Kf2 e6 38.
Rc8+ Kg7 39. Rc7 Ra3 40. Rc5 Kh6 41. Rb5 Bf5 42. Rb7 g4 43. hxg4 hxg4 44.
Bc6 g3+ 45. Ke2 Kg5 46. Rxf7 Kf4 47. Rb7 Ra2+ 48. Kd1 Ke3 49. Kc1 0-1

[Event "Najdorf Mem Open A"]
[Site "Warsaw POL"]
[Date "2010.07.24"]
[Round "8"]
[White "Kuciel,W"]
[Black "Choroszej,A"]
[Result "0-1"]
[WhiteElo "2088"]
[BlackElo "2095"]
[EventDate "2010.07.17"]

1. d4 g6 2. c4 Bg7 3. Nc3 d6 4. Nf3 Nf6 5. e4 O-O 6. Be2 e5 7. Be3 Ng4 8.
Bg5 f6 9. Bh4 g5 10. Bg3 Nh6 11. c5 g4 12. dxe5 gxf3 13. Bc4+ Kh8 14. exd6
cxd6 15. Bxd6 Re8 16. gxf3 Nc6 17. Nd5 Be6 18. Rg1 Qa5+ 19. Qd2 Qxd2+ 20.
Kxd2 Ne5 21. Be2 Bxd5 22. exd5 Nf5 23. Bxe5 Rxe5 24. Bc4 Ne7 25. Rae1 Nxd5
0-1

[Event "Najdorf Mem Open A"]
[Site "Warsaw POL"]
[Date "2010.07.24"]
[Round "8"]
[White "Kaczmarek,M"]
[Black "Hetzer,V"]
[Result "1/2-1/2"]
[WhiteElo "2044"]
[BlackElo "2063"]
[EventDate "2010.07.17"]

1. e4 e5 2. Nf3 Nc6 3. Bb5 Nf6 4. d3 d6 5. c3 Bd7 6. Nbd2 g6 7. O-O Bg7 8.
Re1 a6 9. Ba4 O-O 10. Nf1 Re8 11. h3 Nh5 12. b4 Nf4 13. d4 b5 14. Bb3 a5
15. a3 h6 16. dxe5 dxe5 17. Bb2 Be6 18. Bxe6 Rxe6 19. Ne3 Rd6 20. Qc2 axb4
21. axb4 Rxa1 22. Rxa1 h5 23. Rd1 Rxd1+ 24. Qxd1 Qxd1+ 25. Nxd1 Nd3 26. Kf1
Bh6 27. g3 f5 28. Ke2 fxe4 29. Nd2 Nxb2 30. Nxb2 e3 31. fxe3 Kf7 32. Nd3
Ke6 33. Nc5+ Kd5 34. Kd3 Ne7 35. e4+ Kd6 36. Nf3 c6 37. c4 bxc4+ 38. Kxc4
Ng8 39. Nd3 Bg7 40. Ng5 Bf6 41. Nf3 Nh6 42. Nf2 Nf7 43. g4 1/2-1/2

[Event "Najdorf Mem Open A"]
[Site "Warsaw POL"]
[Date "2010.07.24"]
[Round "8"]
[White "Gluszko,M"]
[Black "Bursa,R"]
[Result "1/2-1/2"]
[WhiteElo "2004"]
[BlackElo "2014"]
[EventDate "2010.07.17"]

1. e4 c5 2. Nf3 d6 3. d4 cxd4 4. Qxd4 Nc6 5. Bb5 Bd7 6. Bxc6 Bxc6 7. Nc3
Nf6 8. Bg5 e6 9. O-O-O Be7 10. Rhe1 O-O 11. Kb1 Rc8 12. Qd2 b5 13. Bxf6
Bxf6 14. Qxd6 Qa5 15. Nd4 b4 16. Nxc6 Rxc6 17. Qxc6 bxc3 18. e5 Bxe5 19.
Rxe5 Qxe5 20. Qxc3 Qxh2 21. Qf3 Qe5 22. Qd3 h5 23. Qd4 Qg5 24. g3 a5 25. b3
Rc8 26. Kb2 Qf5 27. Rd3 Rc5 28. Rc3 Rd5 29. Qe3 Qf6 30. f4 g5 31. a4 gxf4
32. Qxf4 Rf5 33. Qe3 Kg7 34. Ka2 Rf1 35. Qc5 Rf5 36. Qc6 Kh6 37. Rd3 Rf1
38. Qc3 Qxc3 39. Rxc3 Rf5 40. Rc8 Rg5 41. c4 e5 42. c5 e4 43. c6 Rc5 44. c7
Kg7 45. Kb2 Kf6 46. Re8 Rxc7 47. Rxe4 Kf5 48. Rf4+ Ke6 49. b4 axb4 50. Rxb4
Rc5 51. Rb6+ Ke5 52. Rb5 Rxb5+ 53. axb5 Kd5 54. Kc3 Kc5 55. Kd3 Kxb5 56.
Kd4 Kc6 57. Ke5 Kd7 58. Kf6 Ke8 59. Kg5 Kf8 60. Kxh5 Kg7 61. Kg5 f6+ 62.
Kf5 Kf7 63. g4 Kg7 64. Ke4 Kg6 65. Kf4 Kg7 66. Kf5 Kf7 67. g5 1/2-1/2

[Event "Najdorf Mem Open A"]
[Site "Warsaw POL"]
[Date "2010.07.25"]
[Round "9"]
[White "Petrov,Marij"]
[Black "Radulski,J"]
[Result "1/2-1/2"]
[WhiteElo "2535"]
[BlackElo "2574"]
[EventDate "2010.07.17"]

1. e4 e5 2. Nf3 Nc6 3. Bb5 Nf6 4. O-O Nxe4 5. d4 Nd6 6. Bxc6 dxc6 7. dxe5
Nf5 8. Qxd8+ Kxd8 9. Nc3 Ke8 10. b3 h6 1/2-1/2

[Event "Najdorf Mem Open A"]
[Site "Warsaw POL"]
[Date "2010.07.25"]
[Round "9"]
[White "Mista,A"]
[Black "Sveshnikov,E"]
[Result "1/2-1/2"]
[WhiteElo "2562"]
[BlackElo "2487"]
[EventDate "2010.07.17"]

1. e4 c5 2. Nf3 Nc6 3. d4 cxd4 4. Nxd4 e5 5. Nb5 d6 6. N1c3 a6 7. Na3 Be6
8. Nc4 b5 9. Ne3 Nf6 10. g3 Be7 11. Bg2 O-O 12. O-O Rc8 13. Ncd5 Na5 14. a4
Nc4 15. axb5 axb5 16. Ra7 Nxe3 17. Bxe3 Nxd5 18. exd5 Bf5 19. c3 Ra8 20.
Qa1 Bd3 21. Rd1 Bc4 22. Qa3 Rxa7 23. Qxa7 Bg5 24. Bb6 Qf6 25. h4 Bh6 26.
Qd7 Qg6 27. Bc7 Qc2 28. Ra1 Qxb2 29. Ra7 Qxc3 30. Bxd6 Qe1+ 31. Kh2 Qxf2
32. Bxf8 Bf1 33. Qxf7+ Qxf7 34. Rxf7 Kxf7 35. Bxf1 Kxf8 36. Bxb5 Ke7 37.
Bd3 g6 38. Kg2 Bf8 39. g4 Kd6 40. Be4 h6 41. Kf3 1/2-1/2

[Event "Najdorf Mem Open A"]
[Site "Warsaw POL"]
[Date "2010.07.25"]
[Round "9"]
[White "Brodsky,M"]
[Black "Olszewski,Mi"]
[Result "1/2-1/2"]
[WhiteElo "2540"]
[BlackElo "2543"]
[EventDate "2010.07.17"]

1. d4 Nf6 2. c4 g6 3. Nc3 d5 4. cxd5 Nxd5 5. e4 Nxc3 6. bxc3 Bg7 7. Nf3 c5
8. Bb5+ Nc6 9. O-O cxd4 10. cxd4 O-O 11. Be3 Bg4 12. Bxc6 bxc6 13. Rc1
1/2-1/2

[Event "Najdorf Mem Open A"]
[Site "Warsaw POL"]
[Date "2010.07.25"]
[Round "9"]
[White "Macieja,B"]
[Black "Vysochin,S"]
[Result "1-0"]
[WhiteElo "2639"]
[BlackElo "2562"]
[EventDate "2010.07.17"]

1. e4 e6 2. d4 d5 3. Nc3 Bb4 4. e5 c5 5. a3 Bxc3+ 6. bxc3 Ne7 7. Qg4 cxd4
8. Bd3 Qa5 9. Ne2 O-O 10. Bd2 dxc3 11. Bxc3 Qc7 12. O-O Nbc6 13. Qh5 Ng6
14. f4 d4 15. Bd2 f5 16. exf6 Rxf6 17. Ng3 Nce7 18. Ne4 Rf5 19. Ng5 h6 20.
Bxf5 exf5 21. Nf3 Be6 22. Nxd4 Bf7 23. Qh3 Rd8 24. c3 Bd5 25. Nxf5 Nxf5 26.
Qxf5 Bxg2 27. Rf2 Qc6 28. Qg4 Bd5 29. Re1 Qf6 30. Re3 Kh7 31. h3 Rf8 32.
Kh2 Nh4 33. c4 Bc6 34. Bc3 Nf3+ 35. Rexf3 Bxf3 36. Rxf3 Qe7 37. Re3 Qf7 38.
f5 Rg8 39. Qg6+ Qxg6 40. fxg6+ Kxg6 41. Re7 Rc8 42. Rxg7+ Kf5 43. Rxb7 Rxc4
44. Bb4 1-0

[Event "Najdorf Mem Open A"]
[Site "Warsaw POL"]
[Date "2010.07.25"]
[Round "9"]
[White "Erdos,V"]
[Black "Van Assendelft,F"]
[Result "1-0"]
[WhiteElo "2592"]
[BlackElo "2374"]
[EventDate "2010.07.17"]

1. d4 Nf6 2. c4 c5 3. d5 b5 4. Qc2 bxc4 5. e4 d6 6. Bxc4 g6 7. Nf3 Bg7 8.
O-O O-O 9. h3 Nbd7 10. Nc3 Nb6 11. Be2 a5 12. a4 Ne8 13. Bf4 Nc7 14. Rad1
Ba6 15. Rfe1 f6 16. b3 Qd7 17. Nd2 Bxe2 18. Rxe2 e5 19. dxe6 Nxe6 20. Be3
f5 21. Nd5 Nxd5 22. exd5 Nd4 23. Bxd4 Bxd4 24. Nf3 Bf6 25. Re6 Rab8 26. Nd2
Rbe8 27. Rde1 Be5 28. Qc4 Rxe6 29. dxe6 Qe7 30. Nf3 Bf6 31. h4 Rb8 32. Qd5
Kg7 33. Ng5 Bxg5 34. hxg5 h6 35. gxh6+ Kxh6 36. Qd2+ g5 37. Qxa5 Rxb3 38.
Qa8 Kg6 39. a5 Rb7 40. Qxb7 1-0

[Event "Najdorf Mem Open A"]
[Site "Warsaw POL"]
[Date "2010.07.25"]
[Round "9"]
[White "Krysztofiak,M"]
[Black "Hammer,J"]
[Result "1/2-1/2"]
[WhiteElo "2436"]
[BlackElo "2636"]
[EventDate "2010.07.17"]

1. g3 d5 2. Bg2 Nf6 3. Nf3 c6 4. O-O Bg4 5. d3 Nbd7 6. c4 dxc4 7. dxc4 Qc7
8. Nc3 e5 9. Qc2 Be7 10. Rb1 O-O 11. b4 a5 12. a3 axb4 13. axb4 Nb6 14. c5
Nbd5 15. Nxd5 Nxd5 16. e4 Nf6 17. Nd2 Nd7 18. Nc4 b6 19. cxb6 Nxb6 20. Nxb6
Qxb6 21. Be3 Qb7 22. Rfc1 Rfc8 23. Qc3 Bd6 24. h3 Be6 25. Bc5 Bc7 26. Ra1
Rxa1 27. Rxa1 Ra8 28. Kh2 h6 29. Bf1 Rxa1 30. Qxa1 Qc8 31. Qa7 Kh7 32. h4
Qd7 33. Qb7 Bg4 34. Bg2 h5 35. Qa7 Qc8 36. Bb6 Bxb6 37. Qxb6 Qd7 38. Qc5 f6
39. Qc3 Qd4 40. Qxd4 exd4 41. f3 Be6 42. Bf1 Kg8 43. Kg2 Kf8 44. Kf2 Ke7
45. Ke1 Kd6 46. Kd2 c5 47. bxc5+ Kxc5 1/2-1/2

[Event "Najdorf Mem Open A"]
[Site "Warsaw POL"]
[Date "2010.07.25"]
[Round "9"]
[White "Boros,De"]
[Black "Klim,K"]
[Result "1-0"]
[WhiteElo "2499"]
[BlackElo "2245"]
[EventDate "2010.07.17"]

1. e4 e5 2. Nf3 Nc6 3. Bb5 a6 4. Ba4 Nf6 5. O-O Be7 6. Re1 b5 7. Bb3 d6 8.
c3 O-O 9. a4 Bb7 10. d4 Re8 11. Ng5 Rf8 12. f4 exf4 13. Bxf4 Na5 14. Bc2
Nd5 15. Qh5 h6 16. Nh3 Nxf4 17. Nxf4 Bg5 18. Nh3 Nc4 19. b3 Nb6 20. Rf1 g6
21. Qe2 bxa4 22. bxa4 a5 23. Nd2 Ba6 24. Bd3 Bxd3 25. Qxd3 Bf6 26. Nc4 Bg7
27. Nxb6 cxb6 28. Nf4 Re8 29. Nd5 Rc8 30. Rab1 Re6 31. Rxb6 Qe8 32. Rb7 Rb8
33. Ra7 Ra8 34. Rc7 f6 35. Qc4 Kh8 36. Rxg7 1-0

[Event "Najdorf Mem Open A"]
[Site "Warsaw POL"]
[Date "2010.07.25"]
[Round "9"]
[White "Drozdowski,K"]
[Black "Simonian,H"]
[Result "1-0"]
[WhiteElo "2223"]
[BlackElo "2494"]
[EventDate "2010.07.17"]

1. e4 c5 2. Nf3 e6 3. d4 cxd4 4. Nxd4 a6 5. Bd3 Bc5 6. Nb3 Be7 7. Qg4 g6 8.
Qe2 d6 9. O-O h5 10. N1d2 Nf6 11. a4 Nc6 12. Nf3 Qc7 13. Bd2 Bd7 14. Bc3
Ne5 15. Nxe5 dxe5 16. Nd2 h4 17. Nc4 Rh5 18. Ba5 Qc6 19. b4 Kf8 20. b5 Qc5
21. Nb6 Rd8 22. Rab1 Be8 23. Nc4 Ra8 24. bxa6 Rxa6 25. Qe1 Qc6 26. Be2 h3
27. Ne3 hxg2 28. Nxg2 Qxa4 29. Bb4 Bc6 30. Bxh5 Nxh5 31. Qd2 Bxb4 32. Rxb4
Qa5 33. Rd1 Kg7 34. c3 Qc5 35. Qe3 Qe7 36. Rbb1 Ra4 37. f3 Ra2 38. Ra1 Rc2
39. Rd2 Rxd2 40. Qxd2 Qc5+ 41. Qe3 Qb5 42. Rf1 Qa5 43. h4 Ng3 44. Re1 Nh5
45. Kh2 Qa2 46. Re2 Qc4 47. Rf2 Nf6 48. Kg1 Nh5 49. Qd2 Qa4 50. Kh2 Qa5 51.
Qe3 Qb5 52. Rc2 Qf1 53. c4 Qd1 54. Qc3 Kh7 55. Rd2 Qf1 56. Rd8 Nf6 57. Qa3
Ne8 58. Qd3 Qf2 59. Qe3 Qf1 60. c5 Nf6 61. Rd2 Bxe4 62. Rf2 Qa1 63. Qg5 Kg7
64. h5 Nh7 65. h6+ 1-0

[Event "Najdorf Mem Open A"]
[Site "Warsaw POL"]
[Date "2010.07.25"]
[Round "9"]
[White "Bentivegna,F"]
[Black "Socko,M"]
[Result "1-0"]
[WhiteElo "2340"]
[BlackElo "2477"]
[EventDate "2010.07.17"]

1. e4 e6 2. d4 d5 3. e5 c5 4. c3 Qb6 5. Nf3 Bd7 6. Bd3 cxd4 7. Nxd4 Nc6 8.
Nxc6 bxc6 9. O-O Ne7 10. Nd2 Ng6 11. Nf3 Be7 12. Qe2 Qc7 13. Re1 O-O 14. c4
Rae8 15. Qc2 Rc8 16. h4 Rfe8 17. h5 Nf8 18. h6 g6 19. Bg5 Qd8 20. Bxe7 Qxe7
21. Qd2 c5 22. Qf4 Bc6 23. Nh2 Red8 24. Rad1 dxc4 25. Bxc4 Rxd1 26. Rxd1
Rd8 27. Rd6 Ba8 28. Ng4 Rb8 29. b3 a5 30. Nf6+ Kh8 31. Nd7 g5 32. Qd2 Re8
33. Nxf8 Qxf8 34. Qxg5 f6 35. exf6 Bd5 36. Rxd5 1-0

[Event "Najdorf Mem Open A"]
[Site "Warsaw POL"]
[Date "2010.07.25"]
[Round "9"]
[White "Przybylski,W"]
[Black "Staniszewski,Pi"]
[Result "0-1"]
[WhiteElo "2322"]
[BlackElo "2389"]
[EventDate "2010.07.17"]

1. e4 e5 2. Nf3 Nc6 3. Bb5 a6 4. Ba4 Nf6 5. O-O Be7 6. Re1 b5 7. Bb3 d6 8.
c3 O-O 9. d4 Bg4 10. a4 Qd7 11. axb5 axb5 12. Rxa8 Rxa8 13. Na3 Rb8 14. Nc2
Bh5 15. d5 Na5 16. Ba2 Bg6 17. Nd2 c6 18. b4 Nc4 19. Nxc4 bxc4 20. Bxc4
Nxe4 21. Qf3 cxd5 22. Bxd5 Ng5 23. Qd1 Ne6 24. g3 Qc8 25. Bd2 Nc7 26. Bb3
Qb7 27. Qg4 Bf6 28. Ne3 d5 29. Qe2 h5 30. Ng2 Re8 31. Qf3 Qc6 32. Ra1 Qd6
33. Ne3 e4 34. Qe2 d4 35. cxd4 Qxd4 36. Rc1 Qd7 37. Rd1 Qh3 38. Ng2 Bf5 39.
Nf4 Qg4 40. Qxg4 Bxg4 41. Rc1 Nb5 42. Ba4 Rd8 43. Be1 Nd4 44. h3 Bf3 45.
Rc5 Be7 46. Rc7 Ra8 47. Rxe7 Rxa4 48. Bc3 Nb5 49. Be1 Ra1 50. Kf1 Nd4 51.
Rc7 g5 52. Rc8+ Kh7 53. Rc4 Nb3 54. Rc2 gxf4 55. gxf4 Rb1 56. f5 Kg7 57.
Rb2 Rxb2 58. Bc3+ Kh6 59. Bxb2 Kg5 60. f6 Kh4 61. b5 Kxh3 62. b6 Nc5 63.
Bd4 Nb7 64. Kg1 h4 65. Bc3 Kg4 66. Kh2 Kh5 67. Bd2 Bg4 68. Be1 Kg5 69. Bc3
Kf5 70. Bd4 Ke6 71. Bc3 Kd5 72. Bd2 Kc6 73. Bg5 h3 74. Be3 Nd6 75. Bd4 Nc4
76. Kg3 Nxb6 77. Be5 Nd7 0-1

[Event "Najdorf Mem Open A"]
[Site "Warsaw POL"]
[Date "2010.07.25"]
[Round "9"]
[White "Wieczorek,O"]
[Black "Bernasek,J"]
[Result "1-0"]
[WhiteElo "2316"]
[BlackElo "2514"]
[EventDate "2010.07.17"]

1. e4 b6 2. d4 Bb7 3. Bd3 Nf6 4. Qe2 Nc6 5. c3 e5 6. Nf3 d6 7. Bb5 Nd7 8.
Ba6 Bxa6 9. Qxa6 Qc8 10. Qe2 g6 11. O-O Bg7 12. d5 Ne7 13. c4 O-O 14. Nc3
h6 15. a3 a5 16. b3 Nc5 17. Rb1 f5 18. Nd2 fxe4 19. Ndxe4 Nf5 20. Be3 Nd4
21. Qd1 Qd7 22. f3 Kh7 23. Rf2 a4 24. b4 Ncb3 25. Qd3 Rfc8 26. Rbf1 Nf5 27.
c5 bxc5 28. bxc5 Rcb8 29. c6 Qc8 30. g4 Nxe3 31. Qxe3 Qf8 32. Ne2 Nd4 33.
f4 Rb3 34. N2c3 exf4 35. Rxf4 Qe8 36. Rf7 Qe5 37. Nf6+ Kh8 38. Qxh6+ 1-0

[Event "Najdorf Mem Open A"]
[Site "Warsaw POL"]
[Date "2010.07.25"]
[Round "9"]
[White "Czerwonski,A"]
[Black "Zhigalko,S"]
[Result "0-1"]
[WhiteElo "2379"]
[BlackElo "2656"]
[EventDate "2010.07.17"]

1. d4 d5 2. c4 e6 3. Nf3 c6 4. e3 Bd6 5. Nc3 f5 6. Bd3 Nf6 7. Qc2 O-O 8. b3
Ne4 9. Bb2 Nd7 10. h3 Ndf6 11. O-O-O Qe7 12. Kb1 Nxc3+ 13. Bxc3 a5 14. c5
Bc7 15. Ne5 Ne4 16. Bb2 a4 17. b4 a3 18. Ba1 Bxe5 19. dxe5 b6 20. Bd4 bxc5
21. bxc5 Ba6 22. f3 Ng3 23. Rhe1 Bxd3 24. Rxd3 f4 25. Ka1 h5 26. Qc1 Qh4
27. Rxa3 Rxa3 28. Qxa3 Nf5 29. Re2 Rb8 30. Qd3 fxe3 31. Bb2 Qf4 32. a3 h4
33. Ka2 d4 34. Qa6 Qxe5 35. Qxc6 Qd5+ 36. Qxd5 exd5 37. Bxd4 Nxd4 38. Rxe3
Kf7 39. Rd3 Ne2 0-1

[Event "Najdorf Mem Open A"]
[Site "Warsaw POL"]
[Date "2010.07.25"]
[Round "9"]
[White "Berczes,D"]
[Black "Adamski,J"]
[Result "1-0"]
[WhiteElo "2551"]
[BlackElo "2287"]
[EventDate "2010.07.17"]

1. d4 Nf6 2. c4 e6 3. g3 Bb4+ 4. Bd2 Qe7 5. Nf3 Nc6 6. Nc3 O-O 7. Bg2 Na5
8. b3 b6 9. O-O Bb7 10. Qc2 Rac8 11. a3 Bxa3 12. e4 Bb4 13. e5 Bxf3 14.
Bxf3 Ne8 15. Bg2 d6 16. f4 c5 17. d5 Nc7 18. Rae1 b5 19. exd6 Qxd6 20. Ne4
Qb6 21. Ng5 g6 22. dxe6 fxe6 23. Bxb4 cxb4+ 24. c5 Qa6 25. Ra1 Nd5 26. Rfe1
Rfe8 27. Rxe6 Rxe6 28. Bxd5 Rce8 29. Nxe6 Qc8 1-0

[Event "Najdorf Mem Open A"]
[Site "Warsaw POL"]
[Date "2010.07.25"]
[Round "9"]
[White "Cernousek,L"]
[Black "Burg,T"]
[Result "1/2-1/2"]
[WhiteElo "2412"]
[BlackElo "2449"]
[EventDate "2010.07.17"]

1. d4 d5 2. c4 c6 3. Nf3 Nf6 4. e3 Bg4 5. Nc3 e6 6. Qb3 Qc7 7. Ne5 Bf5 8.
cxd5 exd5 9. Bd2 Nbd7 10. Rc1 Qb6 11. Qxb6 axb6 12. Be2 Nxe5 13. dxe5 Ng4
14. f4 Bc5 15. Bxg4 Bxg4 16. a3 Bf5 17. Ke2 f6 18. exf6 gxf6 19. Kf3 Rg8
20. h3 h5 21. Be1 Kf7 22. Bf2 Be7 23. Rhg1 b5 24. g4 Bd3 25. e4 dxe4+ 26.
Nxe4 f5 27. Ng5+ Bxg5 28. fxg5 hxg4+ 29. hxg4 Rxg5 30. Ke3 Bc4 31. Kf4
Rxg4+ 32. Kxf5 Rxg1 33. Rxg1 Re8 34. Rd1 Re2 35. Bd4 Be6+ 36. Kf4 Bd5 37.
Bc3 Re4+ 38. Kf5 Re2 39. Rd2 Re3 40. Rh2 Rf3+ 41. Ke5 Ke7 42. Rh7+ Bf7 43.
Bb4+ Kd7 44. Bd2 Kc8 45. Bf4 Bg6 46. Rg7 Bb1 47. Rg8+ Kc7 48. Rg1 Bc2 49.
Rg2 Bb1 50. Rg1 Bd3 51. Rg3 Rxg3 52. Bxg3 Bc4 53. Kd4+ Kb6 54. Bd6 Ka5 55.
Kc3 b6 56. b4+ Ka6 57. a4 Bf7 58. axb5+ Kxb5 59. Be7 Bg8 60. Bd6 Ka6 61.
Be7 Kb7 62. Bf8 Kc7 63. Bh6 Kd6 64. Bf4+ Kd5 65. Be3 c5 66. bxc5 bxc5 67.
Bxc5 Kxc5 1/2-1/2